000 00641nam a2200241Ia 4500
003 OSt
005 20220918180327.0
006 a|||||r|||| 00| 0
007 ta
008 220917b |||||||| |||| 00| 0 eng d
024 _a21,859
037 _cTextual
040 _aARTS
_cARTS
_beng
041 _2eng
_aeng
082 _aO:3M57:16, F5
100 _aConard Joseph
245 0 _aYouth
_b A narrative and two other stories
260 _c1925
490 _aWorks of Joseph Conard Medallion Edition; 6
650 _aENGLISH LITERATURE
942 _hO:3M57:16, F5
_cTEXL
_2CC
999 _c161181
_d161181